00564nam a2200145 4500001000700000003000900007007000300016008004100019100004200060245015300102260006100255300002900316710004200345852003100387108227ES-MaACLt|061121s1980 sp r ||||1| spa d1 aMonteagudo López-Menchero, Jesús.10aEvolución geodemográfica de un sector perirurbano de Huelva b: Palos de la Frontera y Moguer 1960-1975 / cJesús Monteagudo López-Menchero. aHuelva : bColegio Universitario de la Rábida, c1980. a248 p. : bil ; c21 cm.2 aColegio Universitario de La Rábida. aES-MaACLjL-326 bR.101285